Größte Städte an der deutschen Küste - Statistiken

Allgemein
  • Dieses Quiz wurde 130 mal gespielt
  • Das Durchschnittsergebnis liegt bei 11 aus 18
Antwortstatistiken
Bundesland Einwohner Stadt % Korrekt
Schleswig-Holstein 251.751 Kiel
100%
Bremen 118.323 Bremerhaven
96%
Mecklenburg-Vorpommern 204.948 Rostock
96%
Schleswig-Holstein 217.061 Lübeck
93%
Schleswig-Holstein 96.431 Flensburg
88%
Niedersachsen 49.701 Emden
81%
Niedersachsen 49.915 Cuxhaven
80%
Mecklenburg-Vorpommern 54.128 Stralsund
79%
Niedersachsen 76.010 Wilhelmshaven
75%
Mecklenburg-Vorpommern 56.252 Greifswald
73%
Mecklenburg-Vorpommern 43.467 Wismar
68%
Schleswig-Holstein 23.960 Husum
56%
Niedersachsen 25.093 Norden
50%
Schleswig-Holstein 21.561 Eckernförde
34%
Niedersachsen 20.152 Wittmund
21%
Niedersachsen 26.147 Nordenham
19%
Niedersachsen 24.703 Varel
18%
Niedersachsen 31.186 Geestland
10%
Keine übereinstimmenden Quizze gefunden
Verteilung der Resultate
Anzahl Personen mit jedem Resultat
Perzentil nach korrekt beantworteten Fragen
Ihre Resultats-Entwicklung
Sie haben dieses Quiz noch nicht gespielt